[Event "16th Open A"]
[Site "Zadar CRO"]
[Date "2009.12.17"]
[Round "7"]
[White "Schachinger,M"]
[Black "Dimitrov,R"]
[Result "0-1"]
[WhiteElo "2339"]
[BlackElo "2380"]

1.d4 Nf6 2.c4 e6 3.Nf3 b6 4.g3 Ba6 5.b3 Bb4+ 6.Bd2 Be7 7.Bg2 c6 8.Bc3 d5
9.Nbd2 Nbd7 10.O-O O-O 11.Ne5 Rc8 12.b4 Nxe5 13.dxe5 Ng4 14.Qa4 Bxc4 15.Nxc4 b5
16.Qxa7 bxc4 17.h3 Nh6 18.e4 c5 19.exd5 cxb4 20.d6 Bxd6 21.exd6 bxc3 22.Qa3 Nf5
23.Qxc3 Nxd6 24.a4 Rc5 25.Rfd1 Qc7 26.Rd2 Rb8 27.Rad1 Rb6 28.Rd4 g6 29.R4d2 e5
30.Rd5 f6 31.a5 Ra6 32.Qb4 Rxd5 33.Rxd5 e4 34.Rc5 Rc6 35.Rxc6 Qxc6 36.Qb8+ Kg7
37.Qa7+ Nf7 38.Qb6 Qd5 39.a6 c3 40.a7 c2 41.Qc7 Qd1+ 42.Kh2 c1=R 43.Qxc1 Qxc1
44.a8=Q f5 45.Qd5 Qb2 46.Qc5 Qe5 47.Qxe5+ Nxe5 48.g4 e3 49.fxe3 fxg4 50.h4 h5
51.Kg3 Kf6 52.Kf4 Nd3+ 53.Kg3 Ke5 54.Bc6 Nc5 55.Be8 Kf5 56.Bc6 Ne4+ 57.Kg2 g5
58.Bd7+ Kf6 59.Bc6 Nd6 60.hxg5+ Kxg5 61.Bd7 h4 62.Bc6 h3+ 63.Kh2 Kh4 64.e4 Nc4
65.Bb5 Nd2 66.e5 Nf3+ 67.Kh1 g3 68.Bf1 Nxe5 69.Kg1 Ng4  0-1

[Event "Tata Steel TCh-Asia"]
[Site "Kolkata IND"]
[Date "2009.12.25"]
[Round "4"]
[White "Wu Shaobin"]
[Black "Adhiban,B"]
[Result "1/2-1/2"]
[WhiteElo "2454"]
[BlackElo "2486"]

1.d4 Nf6 2.c4 e6 3.Nf3 b6 4.g3 Ba6 5.b3 Bb4+ 6.Bd2 Be7 7.Bg2 c6 8.Bc3 d5
9.Ne5 Nfd7 10.Nxd7 Nxd7 11.Nd2 O-O 12.O-O f5 13.a4 Rc8 14.Qb1 Nf6 15.Qa2 Bd6
16.a5 b5 17.c5 Bb8 18.b4 g5 19.Nf3 Ne4 20.Qc2 Qe8 21.Ne5 Nxc3 22.Qxc3 Bxe5
23.dxe5 f4 24.g4 Rc7 25.Bf3 Rg7 26.Kg2 h5 27.h3 h4 28.Rad1 Qg6 29.Qd3 Qxd3
30.exd3 Bc8 31.d4 a6  1/2-1/2

[Event "18th Donau Open"]
[Site "Aschach AUT"]
[Date "2009.12.26"]
[Round "1"]
[White "Vogel,Joe"]
[Black "Schneider Zinner,H"]
[Result "1/2-1/2"]
[WhiteElo "2063"]
[BlackElo "2325"]

1.d4 Nf6 2.c4 e6 3.Nf3 b6 4.g3 Ba6 5.b3 Bb4+ 6.Bd2 Be7 7.Bg2 c6 8.Ne5 d5
9.O-O Nfd7 10.Nxd7 Nxd7 11.Bc3 O-O 12.Nd2 Nf6 13.Bb2 Rc8 14.Rc1 Re8 15.Re1 Bb7
16.e4 dxe4 17.Nxe4 Nxe4 18.Bxe4 Bf6 19.Qc2 h6 20.Rcd1 Rc7 21.Re2 Rd7 22.Red2 Qa8
23.Bc3 Red8 24.c5 Re8 25.b4 b5 26.a3 Qd8 27.f4 Qe7 28.Rd3 Qd8 29.Qg2 Qc7
30.R3d2 Red8 31.Qf3 g6 32.Qg2 Bg7  1/2-1/2

[Event "Christamas Open Masters"]
[Site "Zurich SUI"]
[Date "2009.12.28"]
[Round "4"]
[White "Schmid,Mi1"]
[Black "Moor,O"]
[Result "0-1"]
[WhiteElo "2195"]
[BlackElo "2406"]

1.d4 Nf6 2.c4 e6 3.Nf3 b6 4.g3 Ba6 5.b3 b5 6.Bg2 bxc4 7.Ne5 Bb4+ 8.Bd2 cxb3
9.axb3 Bxd2+ 10.Qxd2 d5 11.Nc3 Qd6 12.O-O O-O 13.Rfe1 Bb7 14.g4 Nbd7 15.g5 Ne4
16.Nxe4 dxe4 17.Nc4 Qe7 18.Qf4 Nb6 19.h4 f5 20.Nxb6 axb6 21.Rac1 Rfc8 22.Rc3 Qd6
23.Qc1 Bd5 24.e3 c6 25.Bf1 Qd8 26.Qd1 b5 27.Rc5 Ra2 28.Qb1 Rca8 29.Qd1 Qa5
30.Rc1 Qd2 31.Qxd2 Rxd2 32.Re2 Rxe2 33.Bxe2 Ra3 34.Bd1 Kf7 35.h5 Ke7 36.b4 e5
37.dxe5 Ke6 38.h6 g6 39.Kg2 Kxe5 40.Be2 f4 41.Bxb5 cxb5 42.Rc7 fxe3 43.fxe3 Bg8
44.Rc8 Bc4 45.Rc7 Kf5 46.Rxh7 Kxg5  0-1

[Event "22nd Open"]
[Site "Staufer GER"]
[Date "2010.01.02"]
[Round "3"]
[White "Graf,A"]
[Black "Hoenick,A"]
[Result "1-0"]
[WhiteElo "2593"]
[BlackElo "2211"]

1.d4 Nf6 2.c4 e6 3.Nf3 b6 4.g3 Ba6 5.b3 Bb4+ 6.Bd2 Be7 7.Nc3 d5 8.cxd5 exd5
9.Bg2 O-O 10.O-O c6 11.Re1 Nbd7 12.e4 Nxe4 13.Nxe4 dxe4 14.Rxe4 Nf6 15.Re1 Nd5
16.Ne5 Rc8 17.Qg4 Re8 18.Qf3 Bf6 19.Nxc6 Rxc6 20.Qxd5 Rc2 21.Rxe8+ Qxe8 22.Re1 Be2
23.Rxe2  1-0

[Event "ch-AUS"]
[Site "Sydney AUS"]
[Date "2010.01.09"]
[Round "7"]
[White "Smirnov,Vl1"]
[Black "Ly,Mo"]
[Result "1-0"]
[WhiteElo "2392"]
[BlackElo "2335"]

1.d4 Nf6 2.c4 e6 3.Nf3 b6 4.g3 Ba6 5.Nbd2 Bb7 6.Bg2 c5 7.e4 cxd4 8.O-O d6
9.Nxd4 Qd7 10.Re1 Be7 11.a4 Nc6 12.Nxc6 Bxc6 13.a5 O-O 14.Nb3 Rab8 15.Nd4 Ba8
16.Qa4 Rfc8 17.a6 Qc7 18.b3 Ng4 19.h3 Ne5 20.Rd1 Qd8 21.Ba3 Qf8 22.Bb4 Nc6
23.Nxc6 Bxc6 24.Qa3 Rd8 25.e5 Bxg2 26.Kxg2 Qe8 27.Bxd6 Qc6+ 28.Kg1 Qf3 29.b4 Qxa3
30.Rxa3 Rbc8 31.Rad3 Bxd6 32.Rxd6 Re8 33.R1d4 Kf8 34.Rd7 Re7 35.Rd8+ Re8
36.Rxc8 Rxc8 37.Rd7 Rxc4 38.Rxa7 Rxb4 39.Rb7  1-0

[Event "4th SOP-SMAOK Open"]
[Site "Athens GRE"]
[Date "2010.01.12"]
[Round "1"]
[White "Antoniadis,K"]
[Black "Gitsis,H"]
[Result "0-1"]
[WhiteElo "1854"]
[BlackElo "2044"]

1.d4 Nf6 2.Nf3 e6 3.c4 b6 4.g3 Ba6 5.Qc2 c5 6.Bg2 Nc6 7.O-O cxd4 8.Rd1 e5
9.a3 Be7 10.b4 b5 11.c5 O-O 12.Nbd2 d6 13.Nb3 Rc8 14.e3 dxe3 15.Bxe3 d5 16.Bh3 Rc7
17.Nh4 Bc8 18.Bg2 Be6 19.f4 Ng4 20.Bd2 Bxh4 21.gxh4 Qxh4 22.h3 Qf2+ 23.Kh1 Ne3  0-1

[Event "2nd Kirov Memorial Open"]
[Site "Blagoevgrad BUL"]
[Date "2010.01.12"]
[Round "3"]
[White "Stanoev,A"]
[Black "Petrovski,I"]
[Result "1/2-1/2"]
[WhiteElo "2202"]
[BlackElo "2032"]

1.d4 Nf6 2.c4 e6 3.Nf3 b6 4.g3 Ba6 5.b3 b5 6.cxb5 Bxb5 7.Bg2 Bb4+ 8.Nbd2 Bc6
9.O-O O-O 10.Qc2 Qc8 11.a3 Bxd2 12.Nxd2 Bxg2 13.Kxg2 Qb7+ 14.Kg1 a5 15.Rb1 Na6
16.Bb2 Qb5 17.Qc4 Qh5 18.Kg2 d5 19.Qd3 c5 20.Rbc1 cxd4 21.Bxd4 e5 22.Bb6 e4
23.Qb5 Nb8 24.e3 Nbd7 25.Bd4 Rfb8 26.Qc6 Qe2 27.Qc2 Rc8 28.Qb2 h6 29.Nxe4 Qxb2
30.Nxf6+ Nxf6 31.Bxb2 Ne4 32.Rcd1 Rc2 33.Be5 f6 34.Bd4 Nd2 35.Rfe1 Nxb3 36.Rd3 a4
37.Red1 Rac8 38.Bb6 R8c6 39.Ba7 Rc7 40.Bb8 Rc8 41.Bd6 Nc5 42.Bxc5 R8xc5 43.Rd4 R2c4
44.Kf3 Rb5 45.R1d3 Kf7 46.Rxd5 Rxd5 47.Rxd5 Rc3 48.Rd7+ Kg6  1/2-1/2

[Event "2nd Kirov Memorial Open"]
[Site "Blagoevgrad BUL"]
[Date "2010.01.16"]
[Round "8"]
[White "Todorov,O"]
[Black "Vrban,R"]
[Result "1-0"]
[WhiteElo "2309"]
[BlackElo "2005"]

1.d4 Nf6 2.c4 e6 3.Nf3 b6 4.g3 Ba6 5.Nbd2 Bb7 6.Bg2 c5 7.e4 d6 8.d5 e5 9.O-O g6
10.Ne1 Bg7 11.Nd3 O-O 12.f4 Nbd7 13.f5 Bh6 14.Qe2 Ba6 15.Nf2 Rb8 16.a4 Kh8
17.g4 Rg8 18.Ra3 Bf4 19.h4 h6 20.Rh3 Kg7 21.Nd3 Bxd2 22.Qxd2 Rh8 23.g5 hxg5
24.hxg5 Nh5 25.f6+ Nhxf6 26.gxf6+ Nxf6 27.Rhf3 Bxc4 28.Rxf6 Qxf6 29.Rxf6 Kxf6
30.Nxe5 dxe5 31.Qg5+ Kg7 32.Qxe5+ Kh7 33.b3 Be2 34.Bb2 Rhg8 35.Qf6 Rbf8 36.Bf3 Bxf3
37.Qxf3 f6 38.Bxf6  1-0

[Event "8th Parsvnath Open"]
[Site "New Delhi IND"]
[Date "2010.01.21"]
[Round "10"]
[White "Arun Prasad,S"]
[Black "Lalith,B"]
[Result "1-0"]
[WhiteElo "2567"]
[BlackElo "2457"]

1.d4 Nf6 2.c4 e6 3.Nf3 b6 4.g3 Ba6 5.Qc2 Bb7 6.Bg2 c5 7.d5 exd5 8.cxd5 Nxd5
9.O-O Be7 10.Rd1 Qc8 11.a3 Nf6 12.Bg5 O-O 13.Nc3 Rd8 14.Nh4 g6 15.Bxf6 Bxf6
16.Nd5 Bxh4 17.gxh4 Bxd5 18.Bxd5 Nc6 19.h5 Ne7 20.Qc3 Nxd5 21.Rxd5 d6 22.h6 Kf8
23.Qg7+ Ke7 24.Rd3 Qf5 25.Re3+ Kd7 26.Rf3 Qg5+ 27.Kf1 Rf8 28.Rd1 Rae8 29.Rfd3 Qe7
30.Rxd6+ Qxd6 31.Rxd6+ Kxd6 32.Qxh7 Ke6 33.Qg7 Rg8 34.Qc3 Rh8 35.Qc4+ Kf6
36.Qf4+ Ke6 37.Qc7 Kf6 38.Qf4+ Ke6 39.e4 f6 40.Qc7 Rxh6 41.Qxa7 Rh5 42.Qxb6+ Kf7
43.f3 Re7 44.Kg2 Rd7 45.Kg3 Rg5+ 46.Kf4 Rh5 47.a4 Rxh2 48.a5 Rh4+ 49.Kg3 g5
50.Qxc5 Rd2 51.Qc4+ Kg7 52.b4 Rh1 53.Kg4 Rf2 54.a6 Rg1+ 55.Kf5 Rxf3+ 56.Ke6 g4
57.Qc7+ Kg6 58.a7 Ra1 59.Qf7+ Kg5 60.Qg7+ Kh4 61.Qh8+ Kg5 62.a8=Q Rxa8 63.Qxa8 g3
64.e5  1-0

[Event "2nd Chennai Open"]
[Site "Chennai IND"]
[Date "2010.01.26"]
[Round "2"]
[White "Karthikeyan,P1"]
[Black "Kaushik,S"]
[Result "1/2-1/2"]
[WhiteElo "2408"]
[BlackElo "2134"]

1.d4 Nf6 2.c4 e6 3.Nf3 b6 4.g3 Ba6 5.b3 Bb4+ 6.Bd2 Be7 7.Bg2 c6 8.O-O d5
9.Qc2 O-O 10.Rd1 Nbd7 11.Bf4 Ne4 12.Nc3 f5 13.Ne5 Nxe5 14.Bxe5 Nd6 15.Na4 Rc8
16.c5 Nf7 17.Bf4 Bb5 18.b4 Bf6 19.Nc3 Bc4 20.e4 g6 21.e5 Bg5 22.Bxg5 Nxg5
23.f4 Nf7 24.Nb1 bxc5 25.Nd2 cxb4 26.Nxc4 dxc4 27.Qxc4 Qe7 28.Rac1 Nd8 29.d5 exd5
30.Bxd5+ Kg7 31.Bf3 Qb7 32.e6 Rc7 33.Rd6 Qb6+ 34.Kg2 Re8 35.g4 Qe3 36.gxf5 gxf5
37.Qc5 Qxc5 38.Rxc5 Nxe6 39.Rxf5 c5 40.Bd5 Nd4 41.Rg5+ Kh8 42.Bc4 Nc2 43.Kf2 Na3
44.Re6 Rb8 45.Re4 a5 46.Be6 a4 47.f5 Rg7 48.Reg4 Rxg5 49.Rxg5 h6 50.Rg3 Rf8
51.Ke3 Nb5 52.Ke4 Nd4 53.Ke5 b3 54.axb3 axb3 55.f6 Nxe6 56.Kxe6 c4 57.Ke7 Rxf6
58.Kxf6 b2 59.Rg1 c3 60.Re1 Kh7 61.Re7+ Kg8 62.Re8+ Kh7 63.Re7+ Kg8 64.Re8+ Kh7  1/2-1/2

[Event "2nd Chennai Open"]
[Site "Chennai IND"]
[Date "2010.01.27"]
[Round "4"]
[White "Arun Prasad,S"]
[Black "Kaushik,S"]
[Result "1/2-1/2"]
[WhiteElo "2567"]
[BlackElo "2134"]

1.d4 Nf6 2.c4 e6 3.Nf3 b6 4.g3 Ba6 5.Qc2 Bb7 6.Bg2 c5 7.d5 exd5 8.cxd5 Nxd5
9.O-O Be7 10.Rd1 Qc8 11.a3 Nf6 12.Bg5 O-O 13.Nc3 h6 14.Bxf6 Bxf6 15.Nd5 Bxd5
16.Rxd5 Nc6 17.Rad1 Qa6 18.e3 Rad8 19.Nd2 Ne7 20.Rd3 d5 21.Ne4 Be5 22.f4 Bc7
23.Nc3 c4 24.Nxd5 Nxd5 25.Rxd5 Rxd5 26.Bxd5 b5 27.Kg2 Qb6 28.e4 Qc5 29.Qf2 Qxf2+
30.Kxf2 Rd8 31.Kf3 Kf8 32.e5 Bb6 33.Ke4 Ke7 34.f5 f6 35.e6 Bc7 36.a4 Be5
37.Rd2 b4 38.Rc2 c3 39.b3 a5 40.Rg2 Rc8 41.Kd3 Rd8 42.Ke4 Rc8 43.Kd3  1/2-1/2

[Event "ch-BUL S/F Men"]
[Site "Plovdiv BUL"]
[Date "2010.01.27"]
[Round "6"]
[White "Andreev,Sa"]
[Black "Panajotov,J"]
[Result "1-0"]
[WhiteElo "2153"]
[BlackElo "2211"]

1.d4 Nf6 2.c4 e6 3.Nf3 b6 4.g3 Ba6 5.b3 Bb4+ 6.Bd2 Be7 7.Bg2 c6 8.Bc3 d5
9.Nbd2 Nbd7 10.O-O Rc8 11.Re1 dxc4 12.bxc4 b5 13.c5 Nd5 14.Bb2 O-O 15.e4 Nc7
16.e5 Nd5 17.a3 Rb8 18.Ne4 Bc8 19.h4 Re8 20.Qd3 f5 21.exf6 gxf6 22.Qd2 Kh8
23.Bh3 Nf8 24.Bg4 Kg7 25.Bh5 Ng6 26.Bc1 Rg8 27.Bxg6 hxg6 28.Qh6+ Kf7 29.Neg5+ Ke8
30.Qh7 Kd7 31.Nxe6 Qe8 32.Nf4 Ba6 33.Nxd5 cxd5 34.c6+  1-0

[Event "2nd Chennai Open"]
[Site "Chennai IND"]
[Date "2010.01.28"]
[Round "5"]
[White "Mehar,C"]
[Black "Laxman,R"]
[Result "1-0"]
[WhiteElo "2258"]
[BlackElo "2503"]

1.d4 Nf6 2.Nf3 e6 3.c4 b6 4.g3 Ba6 5.Qc2 Bb4+ 6.Bd2 Be7 7.e4 d5 8.cxd5 Bxf1
9.Kxf1 exd5 10.e5 Ne4 11.Nc3 Nxc3 12.Bxc3 O-O 13.Kg2 Qd7 14.h4 h6 15.Rad1 Nc6
16.Bd2 Rac8 17.Bf4 Nd8 18.Ng5 g6 19.e6 Nxe6 20.Nxe6 Qxe6 21.Rde1 Qd7 22.Bxh6 Rfe8
23.h5 Bb4 24.Rxe8+ Qxe8 25.hxg6 fxg6 26.Bf4 Bd6 27.Be5 Bxe5 28.Re1 Qf7 29.Rxe5 Re8
30.Qc6 Rxe5 31.dxe5 d4 32.e6 Qe7 33.Qd7 Kf8 34.Qxd4 Qxe6 35.Qd8+ Kg7 36.Qxc7+ Kh6
37.Qc1+ g5 38.b3 Qe4+ 39.Kg1 Qe2 40.a4 Kg6 41.Qc6+ Kg7 42.Kg2 g4 43.b4 Qd3
44.Qa8 Qd7 45.a5 bxa5 46.bxa5 Qd4 47.Qc6 Kf7 48.a6 Kg7 49.Qc7+ Kg6 50.Qf4 Qd5+
51.Kh2 Qe6 52.Qa4 Kf7 53.Qb5 Kg6 54.Qb7 Kf5 55.Kg2 Ke5 56.Qb2+ Kf5 57.Qc2+ Kf6
58.Qc3+ Ke7 59.Qc7+ Kf6 60.Qxa7  1-0

[Event "8th Gibtelecom Masters"]
[Site "Caleta ENG"]
[Date "2010.01.29"]
[Round "4"]
[White "Gandrud,V"]
[Black "Sachdev,T"]
[Result "1/2-1/2"]
[WhiteElo "2158"]
[BlackElo "2398"]

1.d4 Nf6 2.c4 e6 3.Nf3 b6 4.g3 Ba6 5.Qc2 Bb4+ 6.Nbd2 O-O 7.Bg2 d5 8.O-O Bb7
9.a3 Be7 10.b3 c5 11.cxd5 exd5 12.dxc5 bxc5 13.Bb2 Nbd7 14.Rac1 Qb6 15.Bh3 Rfd8
16.Rfe1 Ne4 17.Bxd7 Rxd7 18.Nxe4 dxe4 19.Ne5 Rdd8 20.Qc3 Bf6 21.Qe3 Qe6 22.Rxc5 Bd5
23.Nc4 Be7 24.Rc7 Rab8 25.Qxa7 Bg5 26.Qd4 Bf6 27.Qc5 Bxb2 28.Nxb2 Rxb3 29.Nc4 Bxc4
30.Qxc4 Qxc4 31.Rxc4 e3 32.fxe3 Rxa3 33.Kf2  1/2-1/2

[Event "ch-UKR b18"]
[Site "Kyiv UKR"]
[Date "2010.01.29"]
[Round "5"]
[White "Bogdanovich,S"]
[Black "Starozhilov,L"]
[Result "1-0"]
[WhiteElo "2386"]
[BlackElo "2087"]

1.d4 Nf6 2.c4 e6 3.Nf3 b6 4.g3 Ba6 5.Nbd2 c6 6.e4 Bb4 7.a3 Bxd2+ 8.Nxd2 d5
9.e5 Nfd7 10.b4 O-O 11.Bb2 Bxc4 12.Nxc4 dxc4 13.Bxc4 b5 14.Bd3 a5 15.Bc3 Nb6
16.Qc2 Nd5 17.Bxh7+ Kh8 18.Be4 axb4 19.axb4 Rxa1+ 20.Bxa1 Na6 21.Qe2 g6 22.h4 Kg7
23.Bb2 Qe7 24.O-O Rh8 25.Qf3 Naxb4 26.Bc1 Rh5 27.Bg5 Rxg5 28.hxg5 Qxg5 29.Ra1 Qe7
30.Qa3 Qg5 31.Qf3 Qe7 32.Ra8 c5 33.Qh1  1-0

[Event "ch-BUL S/F Men"]
[Site "Plovdiv BUL"]
[Date "2010.01.29"]
[Round "8"]
[White "Ivanov,Lj"]
[Black "Panajotov,J"]
[Result "1-0"]
[WhiteElo "1949"]
[BlackElo "2211"]

1.d4 Nf6 2.c4 e6 3.Nf3 b6 4.g3 Ba6 5.b3 Bb4+ 6.Bd2 Be7 7.Bg2 Bb7 8.Bc3 Ne4
9.O-O O-O 10.Bb2 f5 11.Nc3 Bf6 12.Rc1 d6 13.Nxe4 Bxe4 14.Ne1 Bxg2 15.Nxg2 Nd7
16.Re1 a5 17.e4 fxe4 18.Rxe4 e5 19.dxe5 Nxe5 20.Bxe5 Bxe5 21.Qd5+ Kh8 22.f4 Bf6
23.Rce1 a4 24.Qc6 axb3 25.axb3 Bc3 26.R1e2 h6 27.Nh4 Kh7 28.Re7 Ra1+ 29.Kg2 Qa8
30.Qxa8 Rfxa8 31.Rxc7 R8a2 32.Rxa2 Rxa2+ 33.Kh3 Rb2 34.Nf5 Rxb3 35.Nxd6 Rb2
36.Rb7 Bd4 37.Nf5 Bg1 38.Kg4 Rxh2 39.Rxg7+ Kh8 40.Rg6 Kh7 41.Rg7+ Kh8 42.Rb7 Bc5
43.Nh4 Rd2 44.Kh5  1-0

[Event "ch-UKR b18"]
[Site "Kyiv UKR"]
[Date "2010.01.31"]
[Round "8"]
[White "Kraschenko,A"]
[Black "Linker,M"]
[Result "1/2-1/2"]
[WhiteElo "2045"]
[BlackElo "1933"]

1.c4 Nf6 2.Nf3 e6 3.d4 b6 4.g3 Ba6 5.Qc2 d5 6.cxd5 exd5 7.Nc3 Bd6 8.Bg2 O-O
9.O-O Re8 10.Re1 Nbd7 11.a3 c6 12.Bg5 h6 13.Bxf6 Nxf6 14.e4 dxe4 15.Nxe4 Nxe4
16.Rxe4 Bb7 17.Rae1  1/2-1/2

[Event "2nd Chennai Open"]
[Site "Chennai IND"]
[Date "2010.02.02"]
[Round "10"]
[White "Karthikeyan,P1"]
[Black "Kotsur,P"]
[Result "0-1"]
[WhiteElo "2408"]
[BlackElo "2568"]

1.d4 e6 2.c4 Nf6 3.Nf3 b6 4.g3 Ba6 5.b3 Bb4+ 6.Bd2 Be7 7.Bg2 d5 8.cxd5 exd5
9.Nc3 Bb7 10.O-O O-O 11.Rc1 Na6 12.Ne5 h6 13.Bf4 c5 14.dxc5 bxc5 15.Nd3 Qd7
16.Na4 Rac8 17.Be5 Ne4 18.f3 Ng5 19.h4 Ne6 20.f4 f6 21.Bb2 Rfd8 22.f5 Nf8
23.Nf4 d4 24.e4 Bc6 25.Nd5 Bxd5 26.exd5 Nb4 27.Qe2 Nxa2 28.Rce1 Bd6 29.Qg4 Qb5
30.Rf3 Nd7 31.Bf1 Qa5 32.Qe4 Ne5 33.Rf2 Re8 34.Kg2 Re7 35.Ra1 Nb4 36.Nxc5 Qxc5
37.Rc1 Qxc1 38.Bxc1 Rxc1 39.Qxd4 Rec7 40.Qe4 R7c3 41.g4 Nc2 42.Re2 Rd3 43.Qa4 Ne3+
44.Rxe3 Rxe3 45.Qe8+ Kh7 46.g5 Rc2+ 47.Kh1 Rh2+  0-1

[Event "8th Gibtelecom Masters"]
[Site "Caleta ENG"]
[Date "2010.02.04"]
[Round "10"]
[White "Zaremba,An"]
[Black "Carlsson,P"]
[Result "1/2-1/2"]
[WhiteElo "2360"]
[BlackElo "2476"]

1.d4 e6 2.Nf3 Nf6 3.c4 b6 4.g3 Ba6 5.b3 Bb4+ 6.Bd2 Be7 7.Bg2 c6 8.Bc3 d5
9.Nbd2 Nbd7 10.O-O O-O 11.Re1 c5 12.e4 dxc4 13.Nxc4 Bb7 14.e5 Nd5 15.Bd2 Rc8
16.Rc1 b5 17.Ba5 N7b6 18.Ncd2 Nb4 19.Ne4 c4 20.Nc5 Bxc5 21.dxc5 Nd3 22.cxb6 axb6
23.Bd2 Nxc1 24.Bxc1 Qxd1 25.Rxd1 Rfd8 26.Nd4 Bxg2 27.Kxg2 f6 28.f4 fxe5 29.fxe5 cxb3
30.axb3 Rxc1 31.Rxc1 Rxd4 32.Rc6 Kf7 33.Rc7+ Kf8 34.Rc6 Kf7 35.Rc7+ Kf8 36.Rc6 Ke7
37.Rxb6 Rd5 38.Rb7+ Kf8 39.Kf3 Rxe5 40.g4 h5 41.h4 hxg4+ 42.Kxg4 Kg8 43.Kf4 Rd5
44.Kg4 Kh7 45.Rb6 Rd4+ 46.Kg5 Rd5+ 47.Kg4 Rd4+ 48.Kg5 Rb4 49.Rxe6 Rxb3 50.Rb6 Rb1
51.h5 b4 52.Kg4 b3 53.Kg3 Rb2 54.Kh3 Kg8 55.Rb7 Kf8 56.Kg3 Kg8 57.Kh3 Rb1
58.Kg2 Kh7 59.Rb6 Kg8 60.Rb7 Kf8 61.Kh2 b2 62.Kg2 Kg8 63.Kh2 Kh7 64.Rb6 Kg8
65.Rb7 Kf8 66.Kg2 Ke8 67.h6 gxh6 68.Kh2 Kd8 69.Rb8+ Kc7 70.Rb3 Kd6 71.Rb8 Ke5
72.Re8+ Kf4 73.Rf8+ Kg4 74.Rg8+ Kh4 75.Rb8 h5 76.Rb4+ Kg5 77.Rb8 Kf4 78.Rf8+ Ke5
79.Re8+ Kd6 80.Rb8 h4 81.Rb3 h3 82.Rb8 Kc5 83.Rc8+ Kb4 84.Rb8+  1/2-1/2

[Event "FSIMA February"]
[Site "Budapest HUN"]
[Date "2010.02.11"]
[Round "6"]
[White "Eperjesi,L"]
[Black "Binder,Mi"]
[Result "0-1"]
[WhiteElo "2240"]
[BlackElo "2208"]

1.d4 Nf6 2.Nf3 e6 3.c4 b6 4.g3 Ba6 5.Qa4 Bb7 6.Bg2 c5 7.O-O Be7 8.Rd1 O-O
9.Nc3 cxd4 10.Nxd4 Bxg2 11.Kxg2 a6 12.Bg5 h6 13.Bxf6 Bxf6 14.Rac1 Qc7 15.f3 Ra7
16.Ne4 Be7 17.b4 d6 18.Qb3 Rd8 19.b5 a5 20.a4 Qc8 21.f4 Rc7 22.Nf3 d5  0-1

[Event "TCh-FIN 2009-10"]
[Site "Finland FIN"]
[Date "2010.02.14"]
[Round "7"]
[White "Kanep,M"]
[Black "Ivanov,SA"]
[Result "1-0"]
[WhiteElo "2518"]
[BlackElo "2375"]

1.d4 e6 2.Nf3 Nf6 3.c4 b6 4.g3 Ba6 5.b3 c6 6.Bg2 d5 7.O-O Nbd7 8.Nbd2 Be7
9.Bb2 O-O 10.Qc2 Rc8 11.e4 Nxe4 12.Nxe4 dxe4 13.Qxe4 b5 14.c5 b4 15.Rfe1 Nf6
16.Qc2 Bb5 17.Ne5 Nd5 18.Be4 Nf6 19.Bf3 Nd5 20.Rad1 a5 21.h4 Rc7 22.Bg2 Bf6
23.Ng4 h5 24.Ne5 Bxe5 25.dxe5 Qe7 26.Bc1 Ra8 27.Bg5 Qf8 28.g4 hxg4 29.Rd4 g3
30.fxg3 a4 31.Rg4 axb3 32.axb3 Nc3 33.Bf6 Ra2 34.Qc1 Qxc5+ 35.Kh1 Qf2 36.Rxg7+ Kf8
37.Rg8+  1-0

[Event "Open"]
[Site "Novy Bor CZE"]
[Date "2010.02.14"]
[Round "2"]
[White "Ter Karapetian,Ar"]
[Black "Havranek,Mir"]
[Result "1/2-1/2"]
[WhiteElo "2063"]
[BlackElo "2228"]

1.d4 Nf6 2.c4 e6 3.Nf3 b6 4.g3 Ba6 5.b3 Bb4+ 6.Bd2 Be7 7.Bg2 c6 8.Ne5 d5
9.Bc3 O-O 10.O-O Nfd7 11.Nxd7 Nxd7 12.Nd2 f5 13.Bb2 Rc8 14.Rc1 Nf6 15.Re1 Bb7
16.a3 Bd6 17.b4 Ne4 18.e3 Be7 19.f3 Nxd2 20.Qxd2 Bf6 21.Qc2 b5 22.c5 Rc7
23.Rcd1 Bc8 24.Bh3  1/2-1/2

[Event "TCh-SUI NatLigaA"]
[Site "Switzerland SUI"]
[Date "2010.02.14"]
[Round "1"]
[White "Prusikin,M"]
[Black "Buss,Ra"]
[Result "1/2-1/2"]
[WhiteElo "2542"]
[BlackElo "2416"]

1.d4 Nf6 2.c4 e6 3.Nf3 b6 4.g3 Ba6 5.Qc2 Bb7 6.Bg2 c5 7.d5 exd5 8.cxd5 Nxd5
9.O-O Be7 10.Rd1 Nc6 11.Qa4 Nf6 12.Nh4 O-O 13.Nf5 d5 14.Nc3 Nd4 15.Nxd4 cxd4
16.Qxd4 Bc5 17.Qa4 Qc8 18.Nxd5 Nxd5 19.Bxd5 Bxd5 20.Rxd5 Qe6 21.Qd1 Qf6 22.Bf4 Qxb2
23.Be5 Qb4 24.Qd3 Rae8 25.Rd1 Qg4 26.e3 Qf3 27.Qb3 Re7 28.Bd4 Bxd4 29.R5xd4 g6
30.a4 Rfe8 31.Rc1 Qf5 32.Rc6 Qe5 33.Qc4 Re6 34.Rc7 R6e7 35.Rdd7 Rxd7 36.Rxd7 Re7
37.Qc8+ Kg7 38.Rd8 h5 39.Rh8 Rc7 40.Qf8+ Kf6 41.Qd8+ Qe7 42.Qd2 Qc5 43.Qd8+ Qe7
44.Qa8 Qc5 45.e4 Qd4 46.Re8 Qd1+ 47.Kg2 Rc1 48.e5+ Kf5 49.Qf3+ Qxf3+ 50.Kxf3 Ra1
51.Ke3 Rxa4 52.f4 g5 53.Re7 gxf4+ 54.gxf4 Re4+ 55.Kd3 Rxf4 56.Rxf7+ Kxe5
57.Rxa7 Kd5 58.Rg7 Rf3+ 59.Ke2 Rh3 60.Rg2 Kc4 61.Kd2 b5 62.Kc2 b4 63.Rf2 b3+
64.Kb2 Kd4 65.Re2 h4 66.Rg2 Ke4 67.Ka3 Kf4 68.Rd2 Rf3 69.Rd4+ Kg5 70.Rc4 Re3
71.Rd4 h3 72.Rc4 Rf3 73.Kb2 Rf2+ 74.Kxb3 Rxh2 75.Rc3 Rh1 76.Kb2 Kf4 77.Rc4+ Ke3
78.Rc3+ Kd4 79.Rg3 Ke4 80.Rc3 Rh2+ 81.Kb3 Rh1 82.Kb2 Kf4 83.Rc4+  1/2-1/2

[Event "NordWest-Cup"]
[Site "Bad Zwischenahn GER"]
[Date "2010.02.21"]
[Round "6"]
[White "Nyzhnyk,I"]
[Black "Epishin,V"]
[Result "1/2-1/2"]
[WhiteElo "2495"]
[BlackElo "2607"]

1.d4 Nf6 2.c4 e6 3.Nf3 b6 4.g3 Ba6 5.Qa4 Bb7 6.Bg2 c5 7.O-O cxd4 8.Nxd4 Qc8
9.Nc3 Bxg2 10.Kxg2 Qb7+ 11.f3 Be7 12.Rd1 O-O 13.Bf4 a6 14.Nc2 Rc8 15.Rac1 Nc6
16.Rd2 h6 17.Nd4 Nxd4 18.Rxd4 Rc5 19.Be3 Rc6 20.Rcd1 Bc5 21.R4d3 b5 22.cxb5 axb5
23.Qb3 Bxe3 24.Rxe3 b4 25.Rd4 Qa7 26.Qxb4 Rb8 27.Qa4 Ra6 28.Qd1 Rxb2 29.Red3 d5
30.Rd2 Rxd2 31.Rxd2 Qc5 32.Rd3 Ra5 33.Qb1 d4 34.e3  1/2-1/2

[Event "18th Fajr Open"]
[Site "Mashhad IRI"]
[Date "2010.02.21"]
[Round "2"]
[White "Safarinejad,J"]
[Black "Ibrahimov,R"]
[Result "0-1"]
[WhiteElo "2055"]
[BlackElo "2550"]

1.d4 Nf6 2.c4 e6 3.Nf3 b6 4.g3 Ba6 5.Qb3 c6 6.Bg5 Be7 7.Nc3 h6 8.Bxf6 Bxf6
9.e4 d6 10.O-O-O Qc7 11.Kb1 Bb7 12.d5 Nd7 13.Nd4 Nc5 14.Qc2 a6 15.Bh3 cxd5
16.exd5 Bxd4 17.Rxd4 e5 18.Re1 O-O 19.Rh4 Bc8 20.Bxc8 Raxc8 21.g4 Qe7 22.Rh5 Nd7
23.g5 Rxc4 24.gxh6 g6 25.Rg1 Kh8 26.Rhg5 Nf6 27.Qb3 b5 28.a4 Rb8 29.axb5 axb5
30.f3 Rh4 31.R1g2 b4 32.Nd1 Qa7 33.Ne3 Rd4 34.Ng4 Nxd5 35.Nxe5 dxe5 36.Rxe5 Ra8  0-1

[Event "18th Fajr Open"]
[Site "Mashhad IRI"]
[Date "2010.02.21"]
[Round "3"]
[White "Kowsarinia,A"]
[Black "Sharbaf,M"]
[Result "1-0"]
[WhiteElo "2100"]
[BlackElo "2381"]

1.d4 Nf6 2.c4 e6 3.Nf3 b6 4.g3 Ba6 5.Qc2 Bb4+ 6.Nbd2 Bb7 7.Bg2 c5 8.O-O cxd4
9.Nxd4 Bxg2 10.Kxg2 Qc7 11.N2f3 Nc6 12.Nb5 Qb7 13.Bf4 Rc8 14.c5 O-O 15.Nd6 Qa6
16.Nxc8 Rxc8 17.cxb6 axb6 18.a3 Bf8 19.Rac1 Nd5 20.Rfd1 b5 21.Ng5 g6 22.Ne4 Nxf4+
23.gxf4 d5 24.Nf6+ Kg7 25.Nd7 Be7 26.Ne5 Na7 27.Qd2 f6 28.Nd3 Rc4 29.b3 Rc8
30.Rxc8 Nxc8 31.Rc1 Kf7 32.Rc7 Nd6 33.Qc1 Nf5 34.Nb4 Qd6 35.Nc6 Qxc7 36.Ne5+ Qxe5
37.fxe5 fxe5 38.a4 Nd4 39.Qe3 bxa4 40.bxa4 Kf6 41.a5 Bc5 42.a6 g5 43.Qc3 Bb6
44.Qb4 Ba7 45.Qf8+ Kg6 46.Qe7 Bb6 47.Qd6  1-0

[Event "18th Fajr Open"]
[Site "Mashhad IRI"]
[Date "2010.02.22"]
[Round "4"]
[White "Arabi,S"]
[Black "Grabliauskas,V"]
[Result "0-1"]
[WhiteElo "2110"]
[BlackElo "2422"]

1.d4 Nf6 2.c4 e6 3.Nf3 b6 4.g3 Ba6 5.b3 b5 6.Nbd2 c5 7.Bg2 Nc6 8.d5 exd5
9.cxd5 Nxd5 10.Ne4 Nf6 11.Bg5 d5 12.Bxf6 gxf6 13.Qxd5 Bb7 14.O-O Be7 15.Qh5 Qb6
16.Rac1 Nd4 17.Nxd4 cxd4 18.Qf5 Rb8 19.Nd6+ Qxd6 20.Bxb7 Kf8 21.Be4 h5 22.h4 Kg7
23.Rc6 Qa3 24.Rfc1 Rb6 25.Rxb6 Qxc1+ 26.Kg2 axb6 27.b4 Qc7 28.Bd3  0-1

[Event "18th Fajr Open"]
[Site "Mashhad IRI"]
[Date "2010.02.22"]
[Round "4"]
[White "Ghodratian,M"]
[Black "Hosseinipour,M"]
[Result "0-1"]
[WhiteElo "1829"]
[BlackElo "2207"]

1.d4 Nf6 2.Nf3 e6 3.c4 b6 4.g3 Ba6 5.Qa4 Bb7 6.Bg2 c5 7.dxc5 bxc5 8.O-O Be7
9.Nc3 Qb6 10.Bf4 O-O 11.Qc2 d6 12.Rad1 Rd8 13.e4 Nc6 14.Rfe1 h6 15.a3 Rac8
16.Nd5 exd5 17.exd5 Ne5 18.Nxe5 dxe5 19.Bxe5 Bf8 20.Qf5 Re8 21.d6 Bxg2 22.Bxf6 Bxd6
23.Kxg2 Qc6+ 24.f3 Rxe1 25.Qg4 Re2+ 26.Kf1 Bf8 27.Bxg7 Qe6 28.Bxf8+ Kxf8  0-1

[Event "18th Fajr Open"]
[Site "Mashhad IRI"]
[Date "2010.02.22"]
[Round "5"]
[White "Grabliauskas,V"]
[Black "Darini,P"]
[Result "0-1"]
[WhiteElo "2422"]
[BlackElo "2401"]

1.d4 Nf6 2.c4 e6 3.Nf3 b6 4.g3 Ba6 5.b3 Bb4+ 6.Bd2 Be7 7.Bc3 c6 8.Nbd2 d5
9.Bg2 Nbd7 10.O-O O-O 11.Re1 c5 12.e4 dxe4 13.Nxe4 Nxe4 14.Rxe4 Bb7 15.Re3 Bf6
16.Rd3 Qe7 17.d5 exd5 18.cxd5 Bxc3 19.Rxc3 Rad8 20.Rd3 Rfe8 21.Qd2 Qd6 22.Rd1 Nf6
23.Nh4 g6 24.h3 Ba6 25.Re3 Rxe3 26.Qxe3 Re8 27.Qf4 Qxf4 28.gxf4 Nh5 29.d6 Nxf4
30.d7 Rd8 31.Bc6 Ne2+ 32.Kg2 Nd4 33.Rxd4 cxd4 34.Nf3 Kf8 35.Nxd4 Bb7  0-1

[Event "18th Fajr Open"]
[Site "Mashhad IRI"]
[Date "2010.02.24"]
[Round "7"]
[White "Ibrahimov,R"]
[Black "Mirzoev,A"]
[Result "1/2-1/2"]
[WhiteElo "2550"]
[BlackElo "2594"]

1.d4 Nf6 2.c4 e6 3.Nf3 b6 4.g3 Ba6 5.b3 Bb4+ 6.Bd2 Be7 7.Bg2 c6 8.Bc3 d5
9.Ne5 Nfd7 10.Nxd7 Nxd7 11.Nd2 O-O 12.O-O Rc8 13.e4 c5 14.exd5 exd5 15.dxc5 dxc4
16.cxb6 Nxb6 17.Re1 cxb3 18.Qxb3 Nd7 19.Ne4 Nc5 20.Nxc5 Bxc5 21.Rad1 Qb6
22.Qxb6 Bxb6  1/2-1/2